Louis Lumiére
Guardat en:
| Autor principal: | |
|---|---|
| Format: | Llibre |
| Idioma: | francès |
| Publicat: |
París
Seghers
1964
|
| Col·lecció: | Cinéma D'Aujourd'Hui, 29
|
| Matèries: | |
| Etiquetes: |
Afegir etiqueta
Sense etiquetes, Sigues el primer a etiquetar aquest registre!
|
MARC
| LEADER | 00000cam a2200000 a 4500 | ||
|---|---|---|---|
| 001 | UCV8299 | ||
| 003 | CL-VaPUC | ||
| 008 | 910320e19640000FR |||||||||||||||||fre|d | ||
| 082 | 0 | 4 | |a 791.4309 |b SAD |2 21 |
| 100 | 0 | |a Sadoul, Georges |e author |9 302359 | |
| 245 | 1 | 0 | |a Louis Lumiére |
| 300 | |a 189 p | ||
| 942 | |c BK | ||
| 945 | |d 19910320 00:00:00 | ||
| 260 | |a París |b Seghers |c 1964 | ||
| 600 | 0 | 7 | |a LUMIERE, LOUIS |2 CL-VaPUC |9 266397 |
| 650 | 0 | |a Cinematografía |9 265198 | |
| 650 | 0 | |a Historia del cine |9 265166 | |
| 583 | |a last modification |c 20190402 08:45:27 |k Rodrigo Vera | ||
| 490 | 0 | |a Cinéma D'Aujourd'Hui, 29 | |
| 999 | |c 213837 |d 213835 | ||
| 952 | |0 0 |1 0 |3 erb |4 0 |6 791_430900000000000_SAD_1964 |7 0 |8 A |9 196608 |a BIBART |b BIBART |i 5475961 |o 791.4309 SAD 1964 |p 5475961 |r 2025-03-13 |w 2019-11-14 |y BK |z Catalogado en:20180615 |k ART | ||